000 00697nam a2200277Ia 4500
005 20260324140100.0
008 008 260324s9999 xx 000 0 eng d
020 _a9781315051635
037 _aEBOOK
040 _aCRL
040 _beng
040 _cCRL
041 _2eng
041 _aeng
084 _qCRL
100 _aMargery Osborne
_91203061
245 0 _aExamining Science Teaching in Elementary School from the Perspective of a Teacher and Learner
260 _bTaylor and Francis
260 _c1999
365 _a
365 _b205
856 _uhttp://www.taylorfrancis.com/books/9781315051635
942 _cEBOOK
999 _c1804740
_d1804740